01169nam a2200193Ia 4500001001100000003001000011008004100021040002500062041001300087100003500100245010300135250001100238260007200249300001200321500025700333501011400590520025700704650001400961L268-21705IT-CnALBA170116s9999||||xx |||||||||||||| ||und|| aIT-CnALBAcIT-CnALBA aITALIANO aRESTAGNO DEMETRIO, TEOL. DOTT. 0aCORSO COMPLETO DI ISTRUZIONI PARROCCHIALI SULLE QUATTRO PARTI DELLA DOTTRINA CRISTIANA. VOL. III.  a2a ed. aBERGAMObARNOLDI M. LIBR VESC. EDITR. BERGAMOc1922 [1° Ed.: n.d.] a390 p.  aSACRAMENTI IN GENERE E IN PARTICOLARE. EUCARESTIA. VIRTÙ E SACRAMENTO DELLA PENITENZA. INDULGENZE. PECCATO MORTALE E VENIALE. SUPERBIA UMILTÀ. INVIDIA. PECCATI CONTRO LO SPIRITO SANTO. VIRTÙ CARDINALI E MORALI. BEATITUDINI E CONSIGLI EVANGELICI.  aSocietà San Paolo EM - Piazza San Paolo, 14 - 12051 ALBA (CN) (non commercial uses only) ® Copyright 2017 aSACRAMENTI IN GENERE E IN PARTICOLARE. EUCARESTIA. VIRTÙ E SACRAMENTO DELLA PENITENZA. INDULGENZE. PECCATO MORTALE E VENIALE. SUPERBIA UMILTÀ. INVIDIA. PECCATI CONTRO LO SPIRITO SANTO. VIRTÙ CARDINALI E MORALI. BEATITUDINI E CONSIGLI EVANGELICI.  aCATECHESI